Cundall Johnson and Partners LLP v Whipps Cross University Hospital NHS Trust (Record no. 79652)
[ view plain ]
| 000 -LEADER | |
|---|---|
| fixed length control field | 02046cad a22002175a 4500 |
| 001 - CONTROL NUMBER | |
| control field | L141908 |
| 008 - FIXED-LENGTH DATA ELEMENTS--GENERAL INFORMATION | |
| fixed length control field | 080114e2007 xxk f v 000 0 eng d |
| 035 ## - SYSTEM CONTROL NUMBER | |
| System control number | (Sirsi) u141908 |
| 041 0# - LANGUAGE CODE | |
| Language code of text/sound track or separate title | eng |
| 245 00 - TITLE STATEMENT | |
| Title | Cundall Johnson and Partners LLP v Whipps Cross University Hospital NHS Trust |
| Medium | [electronic resource] |
| 260 ## - PUBLICATION, DISTRIBUTION, ETC. | |
| Date of publication, distribution, etc. | 2007 |
| 520 ## - SUMMARY, ETC. | |
| Summary, etc. | [2007] EWHC 2178 (TCC), 19 September 2007. Considers an application for a stay of proceedings on the grounds of non compliance with the Pre-action Protocol for Construction and Engineering Disputes (protocol). Applicant NHS Trust (W) had engaged respondent engineering firm (C) to provide engineering services on two construction projects. C made a claim against W for outstanding fees in respect of the projects. With regards to the pre-action correspondence, W argued C's solicitor's first letter didn't give enough detail about C's claim, that subsequent correspondence was also poor, and that information was released in a piecemeal manner. C argued its claim for fees for the first project fell outside the scope of the protocol and the claim was a matter of debt recovery. W applied for a stay of proceedings on the ground of non-compliance by C with the protocol. "Held": application granted. C had failed to comply with the provisions of the protocol as it failed to send a letter of claim which complied with para 3 of the protocol and therefore the contractual basis of C's claim was unclear until proceedings were issued. |
| 590 ## - LOCAL NOTE (RLIN) | |
| Local note | KA |
| 650 24 - SUBJECT ADDED ENTRY--TOPICAL TERM | |
| Topical term or geographic name entry element | CUNDALL JOHNSON AND PARTNERS LLP V WHIPPS CROSS UNIVERSITY HOSPITAL NHS TRUST |
| 650 24 - SUBJECT ADDED ENTRY--TOPICAL TERM | |
| Topical term or geographic name entry element | PRE-ACTION PROTOCOL FOR THE CONSTRUCTION AND ENGINEERING DISPUTES |
| 651 #4 - SUBJECT ADDED ENTRY--GEOGRAPHIC NAME | |
| Geographic name | England and Wales |
| Chronological subdivision | 1543- |
| 690 ## - LOCAL SUBJECT ADDED ENTRY--TOPICAL TERM (OCLC, RLIN) | |
| Topical term or geographic name as entry element | BUILT ENVIRONMENT-CONSTRUCTION MANAGEMENT-BUILDING CONTRACT ADMINISTRATION |
| 690 ## - LOCAL SUBJECT ADDED ENTRY--TOPICAL TERM (OCLC, RLIN) | |
| Topical term or geographic name as entry element | MANAGEMENT-DISPUTE AVOIDANCE, MANAGEMENT AND RESOLUTION-DISPUTE MANAGEMENT AND RESOLUTION |
| 856 40 - ELECTRONIC LOCATION AND ACCESS | |
| Uniform Resource Identifier | <a href="https://www.bailii.org/ew/cases/EWHC/TCC/2007/2178.html">https://www.bailii.org/ew/cases/EWHC/TCC/2007/2178.html</a> |
| Public note | View the judgment free of charge at www.bailii.org... |
| 942 ## - ADDED ENTRY ELEMENTS (KOHA) | |
| Suppress in OPAC | 0 |
| Withdrawn status | Lost status | Source of classification or shelving scheme | Damaged status | Not for loan | Home library | Current library | Shelving location | Date acquired | Total Checkouts | Full call number | Barcode | Date last seen | Copy number | Price effective from | Koha item type |
|---|---|---|---|---|---|---|---|---|---|---|---|---|---|---|---|
| Dewey Decimal Classification | Virtual | Virtual | Online | 14/01/2008 | ONLINE PUBLICATION | 141908-2001 | 06/08/2019 | 1 | 06/08/2019 | Law report |